| 000 | 00926nam a22002297a 4500 | ||
|---|---|---|---|
| 999 |
_c11674 _d11674 |
||
| 005 | 20251125232832.0 | ||
| 008 | s2545 th tha d | ||
| 020 | _a9740414176 | ||
| 040 | _aNALT | ||
| 041 | _atha | ||
| 050 | _aHN700.55.Z9S65 ก451 2545 | ||
| 245 | 1 | 0 | _aการตอบสนองต่อภาวะวิกฤตเศรษฐกิจของภาคประชาสังคมไทย |
| 260 | 3 |
_aกรุงเทพฯ : _bวศินการพิมพ์, _c2545 |
|
| 300 |
_a172 หน้า : _b แผนภูมิ, ตาราง ; _c 26 ซม. |
||
| 650 | 0 | 4 | _aประชาสังคม |
| 650 | 0 | 4 | _aขบวนการประชาสังคม |
| 650 | 0 | 4 | _aสังคม -- ไทย -- ภาวะเศรษฐกิจ |
| 850 | _aNALT | ||
| 856 | 4 | 0 |
_uhttps://hdl.handle.net/20.500.14156/337852 _71 |
| 942 |
_cGB _2lcc |
||